000 00979nam a2200241Ia 4500
003 OSt
005 20210920101125.0
008 210310s1998 ck ad gr 000 0 spa d
040 _aCO-JMCR
_cCO-JMCR
041 0 _aspa
082 0 4 _a333.3323 /
_bJ371p
_223
100 1 _aJaramillo, Samuel,
_eautor
_928334
245 0 _aPrecios y submercados de vivienda en Bogotá 1980-1997 /
_cSamuel Jaramillo, Adriana Parias D.
260 _aBogotá :
_bUniversidad de los Andes. Centro de Estudios sobre Desarrollo Económico,
_c1998.
300 _a130 páginas :
_bilustraciones y gráficas en blanco y negro ;
_c28 cm.
490 0 _aDocumentos Cede ;
_v28
650 1 4 _aArrendamiento
_vAspectos económicos
_zColombia
_940631
650 2 4 _aMercado de la vivienda
_v1980-1997.
_zBogotá (Colombia)
_940632
650 2 4 _aÍndice de precios al consumidor
_zColombia.
_940633
650 2 4 _aRentabilidad
_zColombia.
_940634
700 1 _aParias D., Adriana,
_eautora
_940635
942 _2ddc
_cBK
999 _c12473
_d12473